Effectif Argentine - Coupe du Monde 2022 - Statistiques

Statistiques générales
  • Ce quiz a été pris 313 fois
    295 depuis la dernière actualisation
  • Le résultat moyen est 19 sur 27
Statistiques - réponses
POSTE CLUB NUMERO JOUEUR % Correct
G Aston Villa 23 Emiliano Martinez
100%
ATT Inter Milan 22 Lautaro Martinez
100%
ATT PSG 10 Lionel Messi
99%
DEF Manchester United 25 Lisandro Martinez
99%
ATT Manchester City 9 Julian Alvarez
94%
ATT Juventus 11 Angel Di Maria
91%
ATT AS Roma 21 Paulo Dybala
91%
DEF OL 3 Nicolas Tagliafico
88%
MIL Atlético Madrid 7 Rodrigo de Paul
86%
MIL Brighton 20 Alexis Mac Allister
82%
DEF Tottenham 13 Crisitan Romero
81%
DEF SL Benfica 19 Nicolas Otamendi
81%
MIL Juventus 5 Leandro Paredes
73%
MIL SL Benfica 24 Enzo Fernandez
72%
DEF FC Séville 8 Marcos Acuna
68%
DEF Atlético Madrid 26 Nahuel Molina
68%
ATT Atlético Madrid 15 Angel Correa
64%
G Villarreal 12 Geronimo Rulli
63%
MIL Bayer Leverkusen 14 Exequiel Palacios
55%
DEF FC Séville 4 Gonzalo Montiel
53%
COACH - - Lionel Scaloni
52%
DEF Villarreal 2 Juan Foyth
49%
ATT FC Séville 17 Alejandro Gomez
47%
G River Plate 1 Franco Armani
39%
MIL Atlanta United 16 Thiago Almada
38%
MIL Real Betis 18 Guido Rodriguez
34%
DEF Real Betis 6 German Pezzella
32%
Aucun quiz correspondant
Distribution des résultats
% des personnes avec chaque résultat
Percentile par nombre de réponses
Votre historique - résultats
Vous n’avez pas pris ce quiz depuis la dernière actualisation